|
|
|
|
| LEADER |
01103pam a22003498a 4500 |
| 001 |
00034823 |
| 005 |
20171026081025.0 |
| 008 |
161027s ||||||Viesd |
| 041 |
0 |
# |
|a Vie
|
| 082 |
1 |
4 |
|a 004.2
|b B103GI
|
| 100 |
0 |
# |
|a Nguyễn, Thị Thùy Linh
|
| 245 |
0 |
0 |
|a Bài giảng kiến trúc máy tính và hợp ngữ
|c Nguyễn Thị Thùy Linh
|
| 260 |
# |
# |
|a Đồng Tháp
|
| 300 |
# |
# |
|a 145tr.
|c 28cm
|
| 500 |
# |
# |
|a ĐTTS:Trường Đại Học Đồng Tháp. Khoa SP Toán- Tin
|
| 653 |
# |
# |
|a Giáo trình
|
| 653 |
# |
# |
|a Máy tính
|
| 653 |
# |
# |
|a Kiến trúc
|
| 653 |
# |
# |
|a Hợp Ngữ
|
| 653 |
# |
# |
|a Hệ Thống
|
| 852 |
# |
# |
|j KD.0018714
|j KGT.0051517
|j KGT.0051661
|j KGT.0051515
|j KGT.0051516
|j KGT.0051518
|
| 852 |
# |
# |
|b Kho đọc
|j KD.0018714
|
| 852 |
# |
# |
|b Kho mượn
|j KGT.0051515, KGT.0051516, KGT.0051517, KGT.0051518, KGT.0051661
|
| 910 |
|
|
|d 27/10/2016
|
| 980 |
# |
# |
|a Trung tâm Học liệu Lê Vũ Hùng, Trường Đại học Đồng Tháp
|